Pays d'Europe Bordant un Pays Bordant un Pays Bordant ce Même Pays - Statistiques

Statistiques générales
  • Ce quiz a été pris 65 fois
  • Le résultat moyen est 20 sur 36
Réponses sur la Carte
Les réponses sont colorées sur une échelle allant du rouge au vert en fonction du pourcentage des utilisateurs qui les ont devinées à leur premier essai. Vous pouvez retrouver ces pourcentages ci-dessous.
 
Statistiques - réponses
Pays % Correct
France
90%
Espagne
73%
Suisse
73%
Allemagne
71%
Italie
63%
Autriche
61%
Belgique
61%
Pologne
61%
Russie
61%
Ukraine
61%
Andorre
59%
Luxembourg
59%
Hongrie
57%
Biélorussie
55%
Croatie
55%
Estonie
55%
Finlande
55%
Pays-Bas
55%
Roumanie
55%
Serbie
55%
Lettonie
53%
Lituanie
53%
Moldavie
53%
Norvège
53%
Suède
53%
Bosnie-Herzégovine
51%
République Tchèque
51%
Slovaquie
51%
Slovénie
51%
Albanie
49%
Bulgarie
49%
Kosovo
49%
Macédoine du Nord
49%
Monténégro
49%
Grèce
47%
Liechtenstein
45%
Aucun quiz correspondant
Distribution des résultats
% des personnes avec chaque résultat
Percentile par nombre de réponses
Votre historique - résultats
Vous n’avez pas pris ce quiz